Statistics for Countries Of The Atlantic

Click here to take the quiz!

General Stats

  • This quiz has been taken 4 times
  • The average score is 43 of 57

Answers on the Map

Answers color-coded by a green-red scale on the quiz's map according to % correct below.
 

Answer Stats

Answer% Correct
Argentina
100%
Bahamas
100%
Brazil
100%
Canada
100%
Cuba
100%
Dominican Republic
100%
France
100%
Haiti
100%
Ireland
100%
Jamaica
100%
Mexico
100%
Panama
100%
Portugal
100%
Spain
100%
Suriname
100%
United Kingdom
100%
United States
100%
Uruguay
100%
Venezuela
100%
Belize
75%
Benin
75%
Cameroon
75%
Cape Verde
75%
Columbia
75%
Costa Rica
75%
Democratic Republic of the Congo
75%
Equatorial Guinea
75%
Gabon
75%
Gambia
75%
Ghana
75%
Guatemala
75%
Guinea
75%
Guinea-Bissau
75%
Honduras
75%
Ivory Coast
75%
Liberia
75%
Mauritania
75%
Morocco
75%
Namibia
75%
Nicaragua
75%
Nigeria
75%
Republic of the Congo
75%
São Tomé and Príncipe
75%
Senegal
75%
Sierra Leone
75%
South Africa
75%
Togo
75%
Angola
50%
Barbados
50%
Dominica
50%
Guyana
50%
Grenada
25%
Saint Lucia
25%
Trinidad and Tobago
25%
Antigua and Barbuda
0%
Saint Kitts and Nevis
0%
Saint Vincent and the Grenadines
0%

Score Distribution

Percentile by Number Answered

Percent of People with Each Score

Your Score History

You have not taken this quiz